The Mcgraw-Hill guide to the PMP exam : (Record no. 184941)
[ view plain ]
| 000 -LEADER | |
|---|---|
| fixed length control field | 01069 a2200181 4500 |
| 003 - CONTROL NUMBER IDENTIFIER | |
| control field | NUST |
| 005 - DATE AND TIME OF LATEST TRANSACTION | |
| control field | 20230119181522.0 |
| 020 ## - INTERNATIONAL STANDARD BOOK NUMBER | |
| International Standard Book Number | 0070601380 |
| 040 ## - CATALOGING SOURCE | |
| Transcribing agency | Nust |
| 082 ## - DEWEY DECIMAL CLASSIFICATION NUMBER | |
| Classification number | 658.404,LEW |
| 100 ## - MAIN ENTRY--PERSONAL NAME | |
| Personal name | Lewis, James P. |
| 9 (RLIN) | 65900 |
| 245 ## - TITLE STATEMENT | |
| Title | The Mcgraw-Hill guide to the PMP exam : |
| Remainder of title | comprehensive coverage of all essential principles and concepts in-depth discussion of all difficult material / |
| Statement of responsibility, etc. | James p.Lewis, Robert E. Dudley |
| 260 ## - PUBLICATION, DISTRIBUTION, ETC. | |
| Place of publication, distribution, etc. | New Delhi |
| Name of publisher, distributor, etc. | Mc Graw-Hill |
| Date of publication, distribution, etc. | 2005 |
| 300 ## - PHYSICAL DESCRIPTION | |
| Extent | 417,p: |
| 505 ## - FORMATTED CONTENTS NOTE | |
| Formatted contents note | Introduction (Page-1), The Project Management context (Page-7), Project Management Process (Page-29), Project Integration Management (Page-41), Scope Management (Page-59), Time Management (Page-83), Cost Management (Page-119), Project Quality Management (Page-161), Human Resource Management (Page-187), Communication Management (Page-209), Risk (Page-229), Procurement (Page-283), Professional Responsibility (Page-377), Preparing for PMP Exam (Page-393). |
| 650 ## - SUBJECT ADDED ENTRY--TOPICAL TERM | |
| Topical term or geographic name entry element | The Mcgraw-Hill guide to the pmp exam |
| 9 (RLIN) | 107172 |
| 942 ## - ADDED ENTRY ELEMENTS (KOHA) | |
| Source of classification or shelving scheme | |
| Koha item type | Book |
| Call number prefix | 658.404,LEW |
| Withdrawn status | Lost status | Source of classification or shelving scheme | Damaged status | Not for loan | Permanent Location | Current Location | Shelving location | Date acquired | Full call number | Barcode | Date last seen | Price effective from | Koha item type | Public note |
|---|---|---|---|---|---|---|---|---|---|---|---|---|---|---|
| Military College of Signals (MCS) | Military College of Signals (MCS) | General Stacks | 12/12/2016 | 658.404,LEW | MCS33228 | 12/08/2016 | 12/12/2016 | Book | Almirah No.55, Shelf No.2 |
